000 00699nam a2200289Ia 4500
005 20260324130724.0
008 008 260324s9999 xx 000 0 eng d
020 _a9781315605333
037 _aEBOOK
040 _aCRL
040 _beng
040 _cCRL
041 _2eng
041 _aeng
084 _qCRL
100 _aMark Alan Bowald
_91182858
245 0 _aRendering the Word in Theological Hermeneutics
245 0 _bMapping Divine and Human Agency
260 _bTaylor and Francis
260 _c2007
365 _a
365 _b240
856 _uhttp://www.taylorfrancis.com/books/9781315605333
942 _cEBOOK
999 _c1779265
_d1779265